Top 15 Länder mit Covid-19-Todesfällen - 6. September - Statistiken

Allgemein
  • Dieses Quiz wurde 29 mal gespielt
  • Das Durchschnittsergebnis liegt bei 11 aus 19
Antwortstatistiken
Land % Korrekt
Vereinigte Staaten
100%
Brasilien
92%
Italien
84%
Russland
80%
Indien
76%
Spanien
72%
Vereinigtes Königreich
72%
Iran
64%
Kolumbien
60%
Mexiko
60%
Peru
60%
Frankreich
56%
Chile
44%
Schweden
36%
Bolivien
32%
Ecuador
32%
Südafrika
28%
Belgien
24%
Panama
20%
Keine übereinstimmenden Quizze gefunden
Verteilung der Resultate
Anzahl Personen mit jedem Resultat
Perzentil nach korrekt beantworteten Fragen
Ihre Resultats-Entwicklung
Sie haben dieses Quiz noch nicht gespielt